Les 30 Capitales les plus proches de l'Ile de Pâques - Statistiques

Statistiques générales
  • Ce quiz a été pris 774 fois
  • Le résultat moyen est 18 sur 30
Statistiques - réponses
Réponse % Correct
6 427 Brasilia
94%
4 886 Buenos Aires
94%
3 763 Lima
91%
3 761 Santiago
91%
5 295 Mexico
90%
5 128 Bogota
85%
5 082 Montevideo
81%
4 449 Quito
79%
6 202 Caracas
78%
4 394 La Paz
78%
5 146 Panama
77%
5 128 Asuncion
67%
6 297 La Havane
62%
5 170 Guatemala
61%
4 577 Sucre
59%
4 942 San José
57%
6 125 Kingston
56%
5 174 Tegucigalpa
56%
5 035 San Salvador
54%
6 661 Georgetown
51%
5 413 Belmopan
49%
5 028 Managua
48%
6 460 Port-au-Prince
45%
6 616 Saint-Domingue
34%
6 745 Nassau
31%
6 858 Kingstown
30%
6 653 Port d'Espagne
29%
6 606 Apia
19%
6 644 Nuku Alofa
18%
6 735 Saint-Georges
15%
Aucun quiz correspondant
Distribution des résultats
% des personnes avec chaque résultat
Percentile par nombre de réponses
Votre historique - résultats
Vous n’avez pas pris ce quiz